Biblioteka szkolna - MOL : podręcznik użytkownika /

Αποθηκεύτηκε σε:
Λεπτομέρειες βιβλιογραφικής εγγραφής
Άλλοι συγγραφείς: Gajkiewicz, Jacek, Gajkiewicz, Alicja (1958- ).
Μορφή: Βιβλίο
Γλώσσα:Πολωνικά
Έκδοση: Wrocław : MOL & VULCAN, cop. 1996.
Ετικέτες: Προσθήκη ετικέτας
Δεν υπάρχουν, Καταχωρήστε ετικέτα πρώτοι!

MARC

LEADER 00000nam a2200000 i 4500
001 9910886412105606
005 20260515140228.0
008 060710s1996 pl a g f |000 0 pol c
020 |a 838607020X 
035 |a 478201-48omnis_uja 
035 |a (UJ)vtls000478201 
035 |a zz2006937330 
035 |a (PL)b0000010178630 
040 |a KR U/46AT  |c KR U/46AT  |d KR U/46AT 
090 |c 112  |d 111 
245 0 0 |a Biblioteka szkolna - MOL :  |b podręcznik użytkownika /  |c [Jacek Gajkiewicz ; współprac. Alicja Gajkiewicz]. 
260 |a Wrocław :  |b MOL & VULCAN,  |c cop. 1996. 
300 |a 99 s. :  |b il. ;  |c 24 cm. 
500 |a Podręcznik opisuje wersję 2.4 opublikowaną w dniu 20 maja 1996. 
504 |a Bibliogr. przy rozdz. 
538 |a Wymagania systemowe programu: PC/286; 1 MB RAM; monitor VGA; stacja dyskietek; dysk twardy; MS-DOS. 
700 1 |a Gajkiewicz, Jacek 
700 1 |a Gajkiewicz, Alicja  |d (1958- ). 
942 |c K 
952 |0 0  |1 0  |4 0  |6 R__5_000000000000000  |7 0  |9 106  |a RYT  |b RYT  |d 2026-05-12  |e 1/2014  |g 10.00  |l 0  |o R.5  |p 2000000000053  |r 2026-05-15 14:02:28  |w 2026-05-15  |y BK  |z da 
999 |c 106  |d 106